000 00408 a2200157 4500
001 158417
020 _a
040 _cMagnum
100 _aEditora Saraiva
240 1 0 _aMinidicionario saraiva - espanhol/portugues - portugues/espanhol
_lESP
245 1 0 _aMinidicionario saraiva - espanhol/portugues - portugues/espanhol
362 0 _a1899
440 1 _aSaraiva
697 _aDICIONARIOS
942 _cBK
999 _c158417
_d158417